Dificultades del lenguaje, colaboración e inclusión educativa (Registro nro. 11293)

Detalles MARC
000 -LIDER
fixed length control field 02534cam a2200421 i 4500
001 - NÚMERO DE CONTROL
Identificador de número de control 0000649
003 - IDENTIFICACDOR DE NÚMERO DE CONTROL
control field DO-SdBNP
005 - DATE AND TIME OF LATEST TRANSACTION
control field 20171109102223.0
007 - CAMPOS FIJOS DE DESCRIPCIÓN FÍSICA
fixed length control field 0000649
008 - ELEMENTOS DE LONGITUD FIJA
fixed length control field 100514s 2003 sp a | 000 f spa
015 ## - NÚMERO DENTRO DE LA BIBLIOGRAFÍA NACIONAL
National bibliography number
017 ## - NÚMERO DE REGISTRO DE DERECHOS DE AUTOR
Copyright or legal deposit number
Assigning agency
020 ## - ISBN
International Standard Book Number 9788497510141
035 ## - NÚMERO LOCAL
System control number
040 ## - FUENTE DE CATALOGACIÓN
Agencia que crea de manera original el registro BPMSU
Idioma de catalogación spa
Agencia que realiza la transcripción BPMSU
Convenciones de la despripción
080 ## - NÚMERO DE CLASIFICACIÓN DECIMAL UNIVERSAL
Universal Decimal Classification number
082 #4 - NÚMERO DE CLASIFICACIÓN DECIMAL DE DEWEY
Classification number 371.914
Item number A185d
100 1# - ASIENTO PRINCIPAL -- NOMBRE PERSONAL
Nombre personal Acosta Rodríguez, Víctor Manuel
245 10 - MENCIÓN DE TITULO
Título Dificultades del lenguaje, colaboración e inclusión educativa
Subtítulo manual para logopedas, psicopedagogos y profesores /
Mención de responsabilidad Víctor Manuel Acosta Rodríguez, Ana M. Moreno Santana ; colaboradores Manuel almeida Suárez...[et.al] ;prólogo Carmen García Pastor
250 ## - MENCIÓN DE EDICION
Mención de edición Reimpr. 2010.
260 0# - PUBLICACIÓN, DISTRIBUCIÓN, ETC. (PIE DE IMPRENTA)
Lugar de publicación, distribución, etc Barcelona :
Nombre del editor, distribuidor, etc. Ars Medica,
-- Lexus,
Fecha de publicación, distribución, etc 2003.
300 ## - DESCRIPCIÓN FÍSICA
Extensión 265 p.:
Otros detalles físicos il.
Dimensiones 25 cm
490 ## - MENCIÓN DE SERIES
Mención de serie Comunicación, lenguaje y logopedia
500 ## - NOTA GENERAL
Nota general Incluye índice alfabético de materias.
500 ## - NOTA GENERAL
Nota general Incluye bibliografías
505 2# - NOTA DE CONTENIDO
Título Función social del lenguaje --
-- La orientación psicolingüistica en el estudio del lenguaje --
-- El lenguaje desde una teoría de la acción: de la teoría del significado a la teoría de la comunicación --
-- Comunicación, lenguaje y poder: la dimensión relacional en el aula --
-- El lenguaje oral como instrumento de mediación en la comunicación didáctica --
-- Intervención en el lenguaje en una escuela inclusiva --
-- Intervención colaborativa: logopedas y profesores trabajando juntos --
-- El tratamiento de las dificultades del lenguaje desde la acción --
-- Identificación y evaluación de los problemas del lenguaje en niños con dificultades comunicativas --
-- Evaluación del lenguaje. Contexto familiar y escolar --
-- Problemas del lenguaje: impacto en la alfabetización, el rendimiento escolar y la conducta --
-- Interpretación educativa del trastorno específico del lenguaje: consecuencias para la práctica en contextos escolares --
-- Lenguaje oral y dificultades de aprendizaje --
-- Autismo, comunicación y educación --
-- Índice alfabético de materias --
700 12 - ASIENTO SECUNDARIO -- NOMBRE PERSONAL
Nombre personal Moreno Santana, Ana M.
700 12 - ASIENTO SECUNDARIO -- NOMBRE PERSONAL
Nombre personal Almeida Suárez, Manuel
Mención de responsabilidad col.
700 12 - ASIENTO SECUNDARIO -- NOMBRE PERSONAL
Nombre personal Álvarez Núñez, Quintín
Mención de responsabilidad col.
700 12 - ASIENTO SECUNDARIO -- NOMBRE PERSONAL
Nombre personal Bustos Guadaño, Eduardo de
Mención de responsabilidad col.
700 12 - ASIENTO SECUNDARIO -- NOMBRE PERSONAL
Nombre personal Río, María José del
700 12 - ASIENTO SECUNDARIO -- NOMBRE PERSONAL
Nombre personal García Pastor, Carmen
Mención de responsabilidad prol.
830 ## - ASIENTO SECUNDARIO DE SERIE--TÍTULO UNIFORME
Título uniforme Comunicación, lenguaje y logopedia
910 ## - VALIDACIÓN
Validación Validado. Control de callidad MFF
942 ## - ADDED ENTRY ELEMENTS (KOHA)
Source of classification or shelving scheme Dewey Decimal Classification
Koha item type Libros
945 ## - INFORMACIÓN DE PROCESAMIENTO LOCAL
Información de procesamiento local Inventariado extranjero / 2017 VM
956 ## - LOCAL ELECTRONIC LOCATION AND ACCESS (OCLC)
Nombre de host YLOCKWARD
Campo enlazado y núm. de secuencia 10
Información de compresión BPMSU
Existencias
Withdrawn status Lost status Source of classification or shelving scheme Damaged status Not for loan Collection code Home library Current library Date acquired Source of acquisition Total Checkouts Full call number Barcode Date last seen Price effective from Koha item type Copy number
    Dewey Decimal Classification     Colección General Biblioteca Pública Metropolitana Salomé Ureña Biblioteca Pública Metropolitana Salomé Ureña 09/02/2016   371.914 A185d BPMSU16090080 09/02/2016 09/02/2016 Libros  
    Dewey Decimal Classification     Colección General Biblioteca Pública Metropolitana Salomé Ureña Biblioteca Pública Metropolitana Salomé Ureña 09/02/2016   371.914 A185d BPMSU16090081 09/02/2016 09/02/2016 Libros e. 2